Statistiques concernant Retrouvez 25 mots à partir d'une définition humoristique 2

Cliquez ici pour prendre le quiz!

Statistiques générales

  • Ce quiz a été pris 31 fois
  • Le résultat moyen est 5 sur 25

Statistiques - réponses

DéfinitionInitialeNbre de lettresMot% Correct
Va en AngleterreG2Go
67%
On s'y exprime en faisant des bullesB2BD
63%
N'est point particulierG7Général
50%
On s'y fait sciemment suerH6Hammam
42%
Etat sans gravitéA10Apesanteur
33%
Chinoise toute noireO5Ombre
33%
Première en lectureI8Initiale
29%
Grande pour l'arméeM6Muette
29%
Victime du devoirE5Elève
25%
Cheval ou voitureM7Mustang
25%
Il faut généralement descendre pour y monterM5Métro
13%
Faits d'hiverE9Engelures
8%
Sorte de cannesG9Gambettes
8%
Qui prend le grand airH7Hautain
8%
Quand on n'arrive pas à trouver les sommes dont on a besoinI8Insomnie
8%
L'été le laisse froidA4Atre
4%
Partie du mondeD7Décédée
4%
Bras morts mais chaudsM8Marigots
4%
Signe d'expulsionN6Nausée
4%
Mouilleur de minesA5Adieu
0%
On les voyait venir avec leurs petits sabotsF6Faunes
0%
Le temps suspendu ?L6Lustre
0%
Tuyaux d'alimentationM9Macaronis
0%
Lieu communM6Merlan
0%
Casse-croûte idéalM7Molaire
0%

Distribution des résultats

Percentile par nombre de réponses

% des personnes avec chaque résultat

Votre développement - résultats

Vous n’avez pas pris ce quiz